| 000 | 00532nam a22001931a 4500 | ||
|---|---|---|---|
| 001 | 3229 | ||
| 003 | OSt | ||
| 005 | 20260204211843.0 | ||
| 008 | 040721s1975||||sp ||||||b||||||||||spa|| | ||
| 020 | _a8428102872 | ||
| 050 | _a659.13 I6p | ||
| 082 | _a659.13 I6p | ||
| 100 | _aIzquierdo Navarro, Francisco | ||
| 245 | _aLa publicidad política: cómo se convierte a un hombre en candidato / Francisco Izquierdo Navarro | ||
| 264 | _aEspaña : Oiko | ||
| 300 | _a249 p | ||
| 650 | _a1.Publicidad EspecializadaÌ | ||
| 942 |
_2ddc _cBK |
||
| 999 |
_c3229 _d3229 |
||